[Event "BIH-chT (Women)"]
[Site "Sarajevo"]
[Date "2023.10.31"]
[Round "1.1"]
[White "Tomic, Milanka"]
[Black "Tomin, Ksenija"]
[Result "0-1"]
[WhiteElo "1830"]
[BlackElo "2055"]
[PlyCount "59"]
[EventDate "2023.10.31"]
[EventType "team-tourn"]
[EventRounds "5"]
[EventCountry "BIH"]
[SourceTitle "Mega2024 Update 01"]
[Source "Chessbase"]
[SourceDate "2023.11.12"]
[SourceVersion "1"]
[SourceVersionDate "2023.11.12"]
[SourceQuality "1"]
[WhiteTeam "Zenica Napredak (W)"]
[BlackTeam "Busovaca Hrasno (W)"]
[WhiteTeamCountry "BIH"]
[BlackTeamCountry "BIH"]

1. d4 Nf6 2. c4 g6 3. Nc3 Bg7 4. e4 d6 5. h3 0-0 6. Nf3 e5 7. d5 a5 8. Bg5 Na6 9. Be2 Nc5 10. Nd2 h6 11. Be3 Ne8 12. 0-0 f5 13. f4 exf4 14. Bxc5 dxc5 15. Rxf4 Nd6 16. exf5 Nxf5 17. Nf3 g5 18. Re4 Ng3 19. Re3 g4 20. hxg4 Bxg4 21. Qe1 Qd6 22. Ne4 Qf4 23. Bd3 Nf5 24. Re2 Bxf3 25. gxf3 Qxf3 26. Nxc5 Bd4+ 27. Kh2 Qh5+ 28. Kg2 Nh4+ 29. Kg3 Rf3+ 30. Kh2 0-1

[Event "SRB-chT (Women)"]
[Site "Custica"]
[Date "2022.10.29"]
[Round "8.2"]
[White "Milutinovic, Stefana"]
[Black "Tomin, Ksenija"]
[Result "1-0"]
[WhiteElo "2089"]
[BlackElo "2071"]
[PlyCount "83"]
[EventDate "2022.10.22"]
[EventType "team-tourn"]
[EventRounds "11"]
[EventCountry "SRB"]
[SourceTitle "EXT 2024"]
[Source "ChessBase"]
[SourceDate "2023.10.10"]
[SourceVersion "1"]
[SourceVersionDate "2023.10.10"]
[SourceQuality "1"]
[WhiteTeam "Belgrade Rad (W)"]
[BlackTeam "Belgrade Crvena Zvezda (W)"]
[WhiteTeamCountry "SRB"]
[BlackTeamCountry "SRB"]

1. d4 Nf6 2. c4 g6 3. Nc3 Bg7 4. e4 d6 5. Bd3 Nbd7 6. Bc2 0-0 7. Nge2 e5 8. d5 a5 9. h3 Nc5 10. Bg5 h6 11. Be3 Ne8 12. Qd2 Kh7 13. g4 Qe7 14. 0-0-0 Bd7 15. Ng3 a4 16. f3 Qd8 17. h4 b6 18. Kb1 Ra5 19. Rh2 Rh8 20. Rg1 Ra8 21. Qf2 Qe7 22. Rhg2 Kg8 23. Qd2 Kf8 24. Qf2 Kg8 25. g5 h5 26. Nf5 gxf5 27. exf5 f6 28. gxf6 Qxf6 29. Bg5 Qf7 30. f6 Nxf6 31. Bxf6 Qxf6 32. Rg6 Qf7 33. Rxg7+ Qxg7 34. Rxg7+ Kxg7 35. Qg3+ Kf8 36. Qg6 Be8 37. Qf6+ Kg8 38. Bf5 Bf7 39. Be6 Bxe6 40. Qg6+ Kf8 41. dxe6 Ke7 42. Nd5+ 1-0

[Event "FRM-chT (Women)"]
[Site "Ohrid"]
[Date "2021.08.28"]
[Round "4.2"]
[White "Blagojevic, Tijana"]
[Black "Tomin, Ksenija"]
[Result "1/2-1/2"]
[WhiteElo "2253"]
[BlackElo "2035"]
[PlyCount "112"]
[EventDate "2021.08.25"]
[EventType "team-tourn"]
[EventRounds "7"]
[EventCountry "MKD"]
[SourceTitle "CBM 204 Extra"]
[Source "ChessBase"]
[SourceDate "2021.11.30"]
[SourceVersion "1"]
[SourceVersionDate "2021.11.30"]
[SourceQuality "1"]
[WhiteTeam "Kisela Voda (W)"]
[BlackTeam "Gostivar (W)"]
[WhiteTeamCountry "MKD"]
[BlackTeamCountry "MKD"]

1. e4 c5 2. Nf3 d6 3. d4 cxd4 4. Qxd4 Nc6 5. Bb5 Bd7 6. Qd3 Nf6 7. Bg5 e6 8. Nc3 Qc7 9. 0-0-0 a6 10. Bxc6 bxc6 11. e5 Nd5 12. exd6 Bxd6 13. Ne4 Bf4+ 14. Bxf4 Qxf4+ 15. Rd2 0-0 16. Nc5 Rfd8 17. Qd4 Qc7 18. Rhd1 f6 19. c4 e5 20. Qd3 Nb6 21. Qd6 Qxd6 22. Rxd6 Ra7 23. b3 Kf7 24. Rxc6 Bxc6 25. Rxd8 Ke7 26. Rd1 a5 27. Ne1 a4 28. Kb2 axb3 29. axb3 Rc7 30. Na6 Rc8 31. Nb4 Bb7 32. g3 Ke6 33. Nec2 g5 34. Ne3 h5 35. Nbd5 Nd7 36. h3 e4 37. g4 hxg4 38. hxg4 Nc5 39. Kc3 Ke5 40. b4 Nd3 41. f3 Ra8 42. Kb3 Bc6 43. Nb6 Rh8 44. fxe4 Nf2 45. Rf1 Rh3 46. Rxf2 Rxe3+ 47. Kb2 Rxe4 48. b5 Be8 49. Rf5+ Ke6 50. Nd5 Rxc4 51. Nxf6 Bxb5 52. Nh7 Bc6 53. Nxg5+ Ke7 54. Rf7+ Ke8 55. Rf6 Rxg4 56. Rxc6 Rxg5 1/2-1/2

[Event "SRB-chT (Women)"]
[Site "Valjevo"]
[Date "2020.10.03"]
[Round "11.5"]
[White "Tomin, Ksenija"]
[Black "Srdanovic, Jovana"]
[Result "1/2-1/2"]
[WhiteElo "2032"]
[BlackElo "2144"]
[PlyCount "35"]
[EventDate "2020.09.25"]
[EventType "team-tourn"]
[EventRounds "11"]
[EventCountry "SRB"]
[SourceTitle "CBM 198 Extra"]
[Source "ChessBase"]
[SourceDate "2020.11.30"]
[SourceVersion "1"]
[SourceVersionDate "2020.11.30"]
[SourceQuality "1"]
[WhiteTeam "Belgrade Crvena Zvezda (W)"]
[BlackTeam "Kac Jugovic (W)"]
[WhiteTeamCountry "SRB"]
[BlackTeamCountry "SRB"]

1. e4 c5 2. Nf3 d6 3. Bb5+ Nc6 4. h3 e6 5. 0-0 Bd7 6. c3 Nf6 7. Re1 a6 8. Bf1 Be7 9. d4 cxd4 10. cxd4 d5 11. e5 Ne4 12. Bd3 Ng5 13. Nxg5 Bxg5 14. Qg4 Bxc1 15. Qxg7 Bxb2 16. Qxh8+ Ke7 17. Qf6+ Ke8 18. Qh8+ 1/2-1/2

[Event "SRB-chT (Women)"]
[Site "Subotica"]
[Date "2019.08.23"]
[Round "2.4"]
[White "Tomin, Ksenija"]
[Black "Vujcic, Milena"]
[Result "1/2-1/2"]
[WhiteElo "2041"]
[BlackElo "1976"]
[PlyCount "96"]
[EventDate "2019.08.22"]
[EventType "team-tourn"]
[EventRounds "11"]
[EventCountry "SRB"]
[SourceTitle "EXT 2020"]
[Source "ChessBase"]
[SourceDate "2019.10.17"]
[SourceVersion "1"]
[SourceVersionDate "2019.10.17"]
[SourceQuality "1"]
[WhiteTeam "Novi Sad Sah Kruzok (W)"]
[BlackTeam "Nis Osnovac (W)"]
[WhiteTeamCountry "SRB"]
[BlackTeamCountry "SRB"]

1. e4 d6 2. d4 Nf6 3. Nc3 g6 4. Be3 Bg7 5. Qd2 c6 6. Bh6 Bxh6 7. Qxh6 Qa5 8. 0-0-0 Nbd7 9. Nf3 b5 10. e5 dxe5 11. dxe5 Ng4 12. Qf4 b4 13. e6 fxe6 14. Qxg4 bxc3 15. Qxe6 Rb8 16. Qxc6 Qxa2 17. Qxc3 Qa1+ 18. Kd2 Qxb2 19. Qxb2 Rxb2 20. Ra1 Nc5 21. Rxa7 Rf8 22. Bc4 Bb7 23. Re1 Be4 24. Kc3 Rxc2+ 25. Kb4 Bxf3 26. Rexe7+ Kd8 27. gxf3 Rf4 28. Kxc5 Rcxc4+ 29. Kd5 Rb4 30. Re4 Rf5+ 31. Kc6 Rxe4 32. fxe4 Rxf2 33. Rxh7 g5 34. e5 g4 35. Kd6 Ke8 36. Rh8+ Kf7 37. e6+ Kg7 38. Rh4 Kf6 39. Rh6+ Kg7 40. e7 Rd2+ 41. Kc6 Re2 42. Rh4 Rxe7 43. Rxg4+ Kh6 44. Kd6 Re1 45. h4 Kh5 46. Rb4 Rh1 47. Ke5 Rxh4 48. Rxh4+ Kxh4 1/2-1/2

[Event "SRB-ch sf (Women)"]
[Site "Zrenjanin"]
[Date "2018.02.16"]
[Round "1"]
[White "Tomin, Ksenija"]
[Black "Chelushkina, Irina"]
[Result "1/2-1/2"]
[WhiteElo "2025"]
[BlackElo "2253"]
[PlyCount "89"]
[EventDate "2018.02.16"]
[EventType "swiss"]
[EventRounds "9"]
[EventCountry "SRB"]
[SourceTitle "CBM 183 Extra"]
[Source "ChessBase"]
[SourceDate "2018.04.19"]
[SourceVersion "1"]
[SourceVersionDate "2018.04.19"]
[SourceQuality "1"]

1. e4 c5 2. Nf3 e6 3. c3 Nf6 4. e5 Nd5 5. d4 cxd4 6. cxd4 Nc6 7. a3 d6 8. Bd3 dxe5 9. dxe5 Qc7 10. 0-0 Bd7 11. Qe2 g6 12. Bd2 Bg7 13. Re1 0-0 14. Nc3 a5 15. Rac1 Qd8 16. Bb1 Nce7 17. Bg5 Qb6 18. Qd2 Bc6 19. Ne4 Rad8 20. Nd6 a4 21. Bh6 Rd7 22. Rc4 f6 23. Rh4 Nf5 24. Bxf5 gxf5 25. exf6 Nxf6 26. Ne5 Bxh6 27. Rxh6 Rg7 28. g3 f4 29. Nec4 Qd8 30. Rxe6 fxg3 31. hxg3 Ng4 32. Ne5 Nxh6 33. Qxh6 Qb6 34. Ne4 Rxg3+ 35. Kh2 Rg2+ 36. Kxg2 Bxe4+ 37. f3 Qxb2+ 38. Kg3 Qxa3 39. Qg5+ Kh8 40. Nf7+ Rxf7 41. Re8+ Rf8 42. Qf6+ Kg8 43. Qe6+ Kh8 44. Qf6+ Kg8 45. Qe6+ 1/2-1/2

[Event "SRB-chT (Women)"]
[Site "Novi Sad"]
[Date "2017.09.01"]
[Round "1.3"]
[White "Chelushkina, Irina"]
[Black "Tomin, Ksenija"]
[Result "1-0"]
[WhiteElo "2236"]
[BlackElo "1997"]
[PlyCount "99"]
[EventDate "2017.09.01"]
[EventType "team-tourn"]
[EventRounds "11"]
[EventCountry "SRB"]
[SourceTitle "CBM 180 Extra"]
[Source "ChessBase"]
[SourceDate "2017.10.06"]
[SourceVersion "1"]
[SourceVersionDate "2017.10.06"]
[SourceQuality "1"]
[WhiteTeam "Belgrade Bas (W)"]
[BlackTeam "Novi Sad Sah Kruzok (W)"]
[WhiteTeamCountry "SRB"]
[BlackTeamCountry "SRB"]

1. g3 d5 2. Nf3 c5 3. Bg2 Nf6 4. 0-0 g6 5. d4 Bg7 6. c3 c4 7. b3 cxb3 8. axb3 0-0 9. Ne5 Nc6 10. Nxc6 bxc6 11. Nd2 Qc7 12. Ba3 Re8 13. c4 e5 14. cxd5 Nxd5 15. Rc1 Qd7 16. e4 Nb6 17. dxe5 Bxe5 18. Qe2 Bb7 19. Rfd1 Qe6 20. Bc5 Nd7 21. Be3 Bg7 22. Qf1 Qe7 23. f4 Red8 24. Qf2 c5 25. Bh3 Rac8 26. e5 f5 27. Nc4 Bc6 28. Nd6 Rb8 29. Bf1 Bxe5 30. Bc4+ Kg7 31. Nf7 Bf6 32. Nxd8 Rxd8 33. Bd5 Bxd5 34. Rxd5 Rb8 35. Rcd1 Rb7 36. Qd2 Nb6 37. Bxc5 Qe6 38. Rd3 Rc7 39. Bf2 Qc8 40. Qa5 Qb7 41. Rd6 Rc2 42. R6d2 Rc7 43. Qb5 Qe4 44. Qe2 Qb7 45. Rd6 Nc8 46. R6d3 Nb6 47. Qe8 Qa6 48. Rd6 Re7 49. Qc6 Qa2 50. Rxf6 1-0

[Event "Belgrade Nedeljkovic Memorial 10th"]
[Site "Belgrade"]
[Date "2017.05.27"]
[Round "4"]
[White "Eric, Jovana"]
[Black "Tomin, Ksenija"]
[Result "1-0"]
[WhiteElo "2145"]
[BlackElo "1710"]
[PlyCount "87"]
[EventDate "2017.05.26"]
[EventType "tourn (rapid)"]
[EventRounds "7"]
[EventCountry "SRB"]
[SourceTitle "EXT 2018"]
[Source "ChessBase"]
[SourceDate "2017.10.13"]
[SourceVersion "1"]
[SourceVersionDate "2017.10.13"]
[SourceQuality "1"]

1. e4 c5 2. Nf3 e6 3. b3 d6 4. Bb2 Nc6 5. Bb5 a6 6. Bxc6+ bxc6 7. 0-0 e5 8. h3 Nf6 9. Re1 Be7 10. c3 0-0 11. d4 cxd4 12. cxd4 exd4 13. Nxd4 Qc7 14. Nc3 Re8 15. Rc1 c5 16. Nf5 Bxf5 17. exf5 Qb7 18. Qd3 d5 19. Na4 Ne4 20. f3 Ng3 21. Be5 Nh5 22. Nxc5 Bxc5+ 23. Rxc5 f6 24. Bc3 Nf4 25. Qd2 Rxe1+ 26. Qxe1 Qd7 27. Qd2 Qxf5 28. Bd4 Re8 29. Be3 Nd3 30. Rc3 Ne5 31. Qxd5+ Kh8 32. Qd2 Qg6 33. Kh2 Qf7 34. f4 Ng6 35. Rd3 Qe7 36. b4 h6 37. a4 Qe4 38. b5 axb5 39. axb5 Nh4 40. Rc3 Nf5 41. Bf2 Kh7 42. b6 Qa8 43. Qc2 Qa5 44. Rc5 1-0

[Event "Belgrade Nedeljkovic Memorial 10th"]
[Site "Belgrade"]
[Date "2017.05.26"]
[Round "2"]
[White "Tomin, Ksenija"]
[Black "Velikic, Adela"]
[Result "0-1"]
[WhiteElo "1710"]
[BlackElo "2151"]
[PlyCount "97"]
[EventDate "2017.05.26"]
[EventType "tourn (rapid)"]
[EventRounds "7"]
[EventCountry "SRB"]
[SourceTitle "EXT 2018"]
[Source "ChessBase"]
[SourceDate "2017.10.13"]
[SourceVersion "1"]
[SourceVersionDate "2017.10.13"]
[SourceQuality "1"]

1. e4 c5 2. Nf3 e6 3. c3 Nf6 4. e5 Nd5 5. d4 cxd4 6. cxd4 Nc6 7. a3 d6 8. Bd3 Bd7 9. 0-0 Qb6 10. Bc2 Rc8 11. Re1 dxe5 12. dxe5 Bc5 13. Qe2 Nd4 14. Nxd4 Bxd4 15. Nc3 Nxc3 16. bxc3 Bb5 17. Qe4 Bxf2+ 18. Kh1 Rc4 19. Qf3 Bxe1 20. Be3 Qc6 21. Rxe1 Qxf3 22. gxf3 Rxc3 23. Be4 Bc6 24. Bxc6+ Rxc6 25. Bxa7 0-0 26. Rb1 Rc7 27. Bb6 Rd7 28. Bc5 Rc8 29. Bd6 f6 30. f4 Rc4 31. Rf1 Kf7 32. Kg2 Rc2+ 33. Kg3 Rc3+ 34. Kf2 Rb3 35. Rc1 Kg6 36. Kg2 h5 37. h4 Kf5 38. Rc4 b5 39. Rd4 Rxa3 40. Rb4 Ra2+ 41. Kf3 Rb7 42. Rb1 Ra4 43. exf6 gxf6 44. Rc1 Rc4 45. Rg1 Rb6 46. Rd1 b4 47. Ke3 b3 48. Ba3 b2 49. Ra1 0-1

[Event "Belgrade-ch sf (Women)"]
[Site "Belgrade"]
[Date "2017.01.26"]
[Round "4"]
[White "Ostojic, Katarina"]
[Black "Tomin, Ksenija"]
[Result "0-1"]
[WhiteElo "2158"]
[BlackElo "2014"]
[PlyCount "92"]
[EventDate "2017.01.23"]
[EventType "swiss"]
[EventRounds "7"]
[EventCountry "SRB"]
[SourceTitle "CBM 176 Extra"]
[Source "ChessBase"]
[SourceDate "2017.03.02"]
[SourceVersion "1"]
[SourceVersionDate "2017.03.02"]
[SourceQuality "1"]

1. c4 Nf6 2. g3 g6 3. Bg2 Bg7 4. Nc3 0-0 5. e4 d6 6. Nge2 e5 7. 0-0 Nc6 8. d3 Ne8 9. Be3 h6 10. Qd2 Kh7 11. a3 Nd4 12. Rab1 Be6 13. b4 Qd7 14. f4 Rb8 15. Bxd4 exd4 16. Nb5 c5 17. f5 a6 18. fxe6 fxe6 19. Rxf8 Bxf8 20. Nbxd4 cxd4 21. Nxd4 Bg7 22. Qe3 e5 23. Ne2 b5 24. Nc3 Nf6 25. Bf3 h5 26. Kg2 Bh6 27. Qe2 Qa7 28. Rd1 Nd7 29. Nd5 Nf8 30. Rf1 Ne6 31. Nf6+ Kh8 32. Bxh5 Qg7 33. Bg4 Nd4 34. Qd1 bxc4 35. dxc4 a5 36. b5 Qc7 37. Qd3 a4 38. Nd5 Qg7 39. Rf6 Bg5 40. Rxd6 Rf8 41. Rd7 Qh6 42. h3 Bc1 43. Ra7 Bxa3 44. Rxa4 Qc1 45. Qc3 Qf1+ 46. Kh2 Rf2# 0-1

[Event "Vojvodina-chT (Women)"]
[Site "Kac"]
[Date "2016.10.22"]
[Round "3"]
[White "Goczo, Melinda"]
[Black "Tomin, Ksenija"]
[Result "1/2-1/2"]
[WhiteElo "2152"]
[BlackElo "2000"]
[PlyCount "141"]
[EventDate "2016.10.20"]
[EventType "team-tourn"]
[EventRounds "5"]
[EventCountry "SRB"]
[SourceTitle "EXT 2019"]
[Source "ChessBase"]
[SourceDate "2018.10.10"]
[SourceVersion "1"]
[SourceVersionDate "2018.10.10"]
[SourceQuality "1"]

1. d4 Nf6 2. g3 e6 3. Bg2 d5 4. Nf3 Be7 5. c4 Nbd7 6. 0-0 0-0 7. Qc2 c5 8. cxd5 Nxd5 9. Nc3 Nb4 10. Qd1 Nf6 11. dxc5 Bxc5 12. a3 Nc6 13. b4 Be7 14. Bb2 a6 15. Rc1 Bd7 16. Na4 a5 17. Nc5 Bxc5 18. bxc5 Qe7 19. Qc2 h6 20. Rfd1 Rfd8 21. Rd6 Be8 22. Rcd1 a4 23. Qc3 Rac8 24. Ne5 Nxe5 25. Qxe5 Bb5 26. h3 Rxd6 27. Rxd6 Qc7 28. Bd4 Ne8 29. e3 Bc4 30. Rb6 Qxe5 31. Bxe5 Rxc5 32. Bd4 Rb5 33. Rxb7 Rxb7 34. Bxb7 Nd6 35. Bc6 Bb3 36. Bc5 Nc4 37. f4 f6 38. Be8 Nd2 39. Bc6 Kf7 40. Bb4 Nc4 41. Kf2 Nb6 42. e4 g5 43. Bb5 Bc2 44. Ke3 gxf4+ 45. gxf4 Bb3 46. Kd4 Nc8 47. Bc5 Ne7 48. Bxe7 Kxe7 49. e5 fxe5+ 50. fxe5 Kf7 51. Bd3 Ke7 52. Kc5 Bd1 53. Kb4 h5 54. h4 Kd7 55. Bb5+ Kc7 56. Be8 Kb6 57. Bd7 Bb3 58. Be8 Bd1 59. Bf7 Bg4 60. Be8 Bd1 61. Kc4 Be2+ 62. Kb4 Bd1 63. Bg6 Kc6 64. Be4+ Kb6 65. Bd3 Kc6 66. Bc4 Bg4 67. Ba2 Bf5 68. Bc4 Bg4 69. Ba2 Bf5 70. Bc4 Bg4 71. Ba2 1/2-1/2